000 00746nas a2200253 4500
001 BR0400622
003 BR-BrBNA
005 20231205104317.0
007 ta
008 230509b bl.|||p| |||| 00| 00por d
040 _aBR-BrBNA
_bpor
_cBiblioteca Nacional de Agricultura
041 _a(Pt)
072 _aF70
100 1 _aCaixinhas, M.L.
100 1 _aLiberato, M.C.
245 1 _aColecções botânicas do Brasil em espaços verdes notáveis de Lisboa
650 _aJARDIM BOTÂNICO
650 _aFLORA
650 _aTAXONOMIA VEGETAL
650 _aCOLEÇÃO DE PLANTA
773 0 _tRodriguésia (Brazil)
_xISSN 0370-6583
_g(2002), v. 53(82) p. 25-32
_wBR0400622
909 _a202311
_bLúcia
_c55
_dLúcia Elande
942 _2AGRIS
_n0
_cANA
999 _c177487
_d177487